000 00952nam a22002537a 4500
001 8262
003 FISKH
005 20250909084549.0
008 250905b cb ||||| |||| 00| 0 eng d
020 _a9789996389269
040 _aFISKH
_bkhr
_cFISKH
_dFISKH
050 _aPZ7
082 _a800
100 _aAnonymous
245 _aកំរងរឿងនិទានខ្លីអប់រំគំនិត /
260 _aPhnom Penh :
_bObsok,
_c2015.
300 _a16 pages :
_bcolor illustrations ;
_c21 cm
505 _aJ
520 _aសៀវភៅ​រឿង​និទាន​អប់រំ​សម្រាប់​កុមារ កម្រង​រឿង​និទាន​អប់រំ ជា​សៀវភៅ​អំណាន​បន្ថែម​សម្រាប់​កុមារ​។
521 8 _a500
_bLexile estimate
521 8 _aJ
_bRaz-Plus
942 _2ddc
_cKHB
_n0
999 _c8262
_d8262